| 000 -LEADER |
| fixed length control field |
00760nam a22001577a 4500 |
| 003 - CONTROL NUMBER IDENTIFIER |
| control field |
OSt |
| 005 - DATE AND TIME OF LATEST TRANSACTION |
| control field |
20150927155249.0 |
| 008 - FIXED-LENGTH DATA ELEMENTS--GENERAL INFORMATION |
| fixed length control field |
150927b xxu||||| |||| 00| 0 eng d |
| 040 ## - CATALOGING SOURCE |
| Transcribing agency |
RUA |
| 082 ## - DEWEY DECIMAL CLASSIFICATION NUMBER |
| Classification number |
AGR YUN 1999 B025 Or.1 |
| 100 ## - MAIN ENTRY--PERSONAL NAME |
| 9 (RLIN) |
1438 |
| Personal name |
YUN, SINA. |
| 245 ## - TITLE STATEMENT |
| Title |
Effectiveness of different bt varieties on crucifer inset pests kean svay district condition, ប្រសិទ្ធភាព ប៊ី ធី ប្រភេទផ្សេងៗគ្នាលើសត្វល្អិតបំផ្លាញដំណាំអំបូរ គ្រុយស៊ីហ្វែរ ក្នុងលក្ខខ័ណ្ឌស្រុកកៀនស្វាយ |
| 260 ## - PUBLICATION, DISTRIBUTION, ETC. (IMPRINT) |
| Place of publication, distribution, etc. |
Phnom Penh |
| Name of publisher, distributor, etc. |
RUA |
| Date of publication, distribution, etc. |
1999 |
| 300 ## - PHYSICAL DESCRIPTION |
| Extent |
43p. |
| Other physical details |
ill. |
| Dimensions |
29cm. |
| 942 ## - ADDED ENTRY ELEMENTS (KOHA) |
| Source of classification or shelving scheme |
|
| Koha item type |
AGR |